000 00937nam a22002897a 4500
001 BR2017002415
003 BR-BrBNA
005 20230928105141.0
007 ta
008 230509b bl.||||| |||| 00| 0 por d
040 _aBR-BrBNA
_bpor
_cBiblioteca Nacional de Agricultura
041 _a(Por)
072 _aF08
_b1930
_b1950
090 _ 1930 BR2017002415
100 1 _aHomem, B.G.C.
110 1 _aUniversidade Federal de Lavras, MG (Brasil)
_0Tese (Mestrado)
245 1 _aModelagem da estimativa da área foliar de leguminosas forrageiras e utilização do calopogônio em pastagnes consorciadas
260 3 _aLavras, MG (Brasil):
_c2016.
300 _a119 p.
500 _aSummaries (Eng, Por); Several bibliography; 11 tables; 10 illus.
650 _aCALOPOGONIO
650 _aCAPIM BRACHIARIA
650 _aCONSORCIAÇÃO DE CULTURA
650 _aPASTAGEM
909 _a202309
_bLucia
_c55
_dLucia Elande
942 _cBK
999 _c83703
_d83703